Quizzes
Events
Quiz Creation
Community
Videos
Private Events
Remove Ads
Sign In
Join for FREE
Feedback
Dark Mode
Quiz Categories
Sports
Geography
Music
Movies
Television
Just For Fun
Miscellaneous
History
Literature
Language
Science
Gaming
Entertainment
Religion
Holiday
For Kids
Quiz Lab
Recent
Popular Today
Quiz Kudos Today
Editor Picks
Curator Picks
Quizzes by...
Day
Popularity
Type
Ratings
Length
Year
Community
Subscriptions
Recent Discussions
Orange Saloon
Badges
Playlists
Quests
Create
Leaderboards
Showdown
Live 5
Trivia Bingo
Activity
Puzzle Library
Sporcle Events
Private Events
Virtual Trivia
Globe League
Become a Host
Pub Owners
SporcleCon
Opinionation
Our Games
Videos
Blog
Mobile Apps
Partnerships
Remove Ads and Go Orange
Feedback
History
US Presidents
World Leaders
Politics
Nation
Discovery
War
Decade
Year
Century
Biography
Art
History
US Presidents
World Leaders
Politics
Nation
Discovery
War
Decade
Year
Century
Biography
Art
Random Quiz
Search Sporcle
×
Quiz Lab
Quiz Lab
History
Football
Type in answers that appear in a list
Type in answers that appear in a list
Classic
Best Score? Go Orange.
Outgoing Labour Cabinet Stats
Can you name the Outgoing Labour Cabinet?
By
Strats
10m
23 Questions
165 Plays
165 Plays
165 Plays
Comments
Comments
Give Quiz Kudos
Give Quiz Kudos
-
- Ratings
hide this ad
More Info
Replay
Link that replays current quiz
Next Quiz
Link to next quiz in quiz playlist
You Got
0%
They Got
Avg Score
66%
Avg Friend Score
Upgrade to see
Score Distribution
Jump to the score distribution portion of the page
Score
0/23
Timer
10:00
0
Plays Today
Position
Name
% Correct
Prime Minister
Gordon Brown
100%
Chancellor of the Exchequer
Alistair Darling
99.4%
Secretary of State for Foreign and Commonwealth Affairs
David Miliband
97.6%
Secretary of State for Energy and Climate Change
Ed Miliband
97%
Secretary of State for Children, Schools and Families
Ed Balls
93.9%
Lord Chancellor and Secretary of State for Justice
Jack Straw
89.1%
Leader of the House of Commons, Lord Privy Seal, Minister for Women and Equalities
Harriet Harman
85.5%
Home Secretary
Alan Johnson
81.8%
Secretary of State for Work and Pensions
Yvette Cooper
78.8%
Secretary of State for Health
Andy Burnham
75.2%
Secretary of State for Business, Enterprise and Regulatory Reform
Lord Mandelson
69.1%
Secretary of State for International Development
Douglas Alexander
61.8%
Position
Name
% Correct
Secretary of State for Environment, Food and Rural Affairs
Hillary Benn
61.2%
Secretary of State for Culture, Media and Sport
Ben Bradshaw
57.6%
Secretary of State for Transport
Lord Adonis
56.4%
Secretary of State for Wales
Peter Hain
53.9%
Minister for the Cabinet Office
Tessa Jowell
47.9%
Secretary of State for Scotland
Jim Murphy
47.3%
Chief Secretary of the Treasury
Liam Byrne
46.7%
Secretary of State for Defence
Bob Ainsworth
44.2%
Secretary of State for Northern Ireland
Shaun Woodward
38.8%
Secretary of State for Communities and Local Government
John Denham
32.7%
Leader of the House of Lords and Lord President of the Council
Baroness Royall
23%
Quiz Playlist
Details
Report
Send in Message
Add To Playlist
More Info:
Can you name the Labour cabinet who fought the 2010 general election? Last names are acceptable. Only includes full members of the Cabinet.
Classic:
Type in answers that appear in a list
Quiz Source
Last Updated: Feb 16, 2017
Quiz Scoreboard
CHALLENGE
Sign Up to Join the Scoreboard
Show All
Scores
Hide
Comments
May contain spoilers
Recently Published
9x9 Crossword: Cartoon Network
by jackfrog10
Miscellaneous
3m
College Basketball Coaching Resumes
by pancakes188
Sports
9m
Billboard Blitz: Fleetwood Mac
by CooCooCachoo
Music
15s
More to Explore
Quiz From the Vault
Featured Blog Post
Where Did the Easter Bunny Come From?
hide this ad
You Might Also Like...
Tags
Football Quiz
Cabinet
Constituency
Labour
last
parliament
Today's Top Quizzes in History
Browse History
hide this ad
Today's Top Quizzes in Football
Browse Football
Top Contributed Quizzes in History
1
Popular People in 1991
2
Popular People in 1981
3
Popular People in 1951
4
Popular People in 1941
5
Popular People in 1986
6
Popular People in 1976
7
Popular People in 1921
8
5-to-1: 20th Century Images of War
9
I Am Born On March 28th
10
Popular People in 1946
Explore More
Trending Topics
Harry Potter
Marvel
Crossword
Anime
Kpop
Disney
NBA
Pokémon
Puzzle
WWE
The Office
Soccer
Country
NFL
Song
hide this ad
More By:
Strats
Quiz
Plays
Rating
Category
Featured
Created
Late Roman Republic Leading Men
356
3.83
History
May 20, 2010
Feist Novels Midkemia and Kelewan
330
4.75
Literature
May 20, 2010
Outgoing Labour Cabinet
165
History
May 21, 2010
Go to Creator's Profile
Score Distribution
Quiz Creator Spotlight
Strats
Follow
Send a Message
Quizzes Created
-
Created Quiz Play Count
-
More By This Creator
Popular Quizzes Today
1
Find the US States - No Outlines Minefield
2
Find the Countries of Europe - No Outlines Minefield
3
The Countries of the World
4
Find the US States
5
Risky Map Clicking: Biggest States A-Z
6
US States
7
Popular People in 1961
8
Movies - When Are They Set?
More History Quizzes
I Am Born On January 21st
Quiz Lab
Trending Quizzes
Risky Map Clicking: Least Populous States A-Z
1-10 Letter G Words
Risky Map Clicking: Next State Alphabetically
Adjectives in 80s TV Shows
Risky Map Clicking: Biggest States A-Z
Recently Updated
Leaping Animals
pecheneg
Reality TV Shows (A-Z)
bhenderson79
Rickey Henderson's Hall of Fame Teammates
pecheneg
Champions League XIs: Arsenal
pecheneg
Quick Pick: Celebrities in WWE's Hall of Fame
aduchscher
A-Z Keypad Blitz II
pecheneg
Multiple Oscar Actors
pecheneg
Mystery Phrase Blitz: Oscar 'Best Actors'
pecheneg
F. Scott Fitzgerald Novels
LTH
Pick 3 Villains
ddd62291
Trending Topics
Harry Potter
Marvel
Crossword
Anime
NBA
Kpop
Disney
Pokémon
Soccer
NFL
Country
WWE
Song
The Office
Puzzle
Your Account Isn't Verified!
In order to create a playlist on Sporcle, you need to verify the email address you used during registration. Go to your
Sporcle Settings
to finish the process.
Report this User
Report this user for behavior that violates our
Community Guidelines
.
Details:
Send Report
Go to the Sporcle.com Mobile Site →
Comments